Rural health care and housing / (Record no. 17056)

MARC details
000 -LEADER
fixed length control field 00865 aa a2200229 4500
008 - FIXED-LENGTH DATA ELEMENTS--GENERAL INFORMATION
fixed length control field 081020t xxu||||| |||| 00| 0 eng d
010 ## - LIBRARY OF CONGRESS CONTROL NUMBER
LC control number ENG-84089
020 ## - INTERNATIONAL STANDARD BOOK NUMBER
International Standard Book Number 8176298883
020 ## - INTERNATIONAL STANDARD BOOK NUMBER
Terms of availability 950.00 (hb)
035 ## - SYSTEM CONTROL NUMBER
System control number EN-67622
082 ## - DEWEY DECIMAL CLASSIFICATION NUMBER
Classification number 362.10425
245 ## - TITLE STATEMENT
Title Rural health care and housing /
Statement of responsibility, etc edited by S B Verma, Shiw Kumar Jiloka and Anil Chandra Pathak
260 ## - PUBLICATION, DISTRIBUTION, ETC. (IMPRINT)
Place of publication, distribution, etc New Delhi
Name of publisher, distributor, etc Deep and Deep Publications
Place of manufacture F-159, Rajouri Garden, New Delhi-110027
260 ## - PUBLICATION, DISTRIBUTION, ETC. (IMPRINT)
Date of publication, distribution, etc 2006
300 ## - PHYSICAL DESCRIPTION
Extent xviii,493p
Dimensions 22cm
500 ## - GENERAL NOTE
General note Includes index
700 ## - ADDED ENTRY--PERSONAL NAME
Personal name Jiloka, Shiw Kumar
Titles and other words associated with a name ed
700 ## - ADDED ENTRY--PERSONAL NAME
Personal name Pathak, Anil Chandra
Titles and other words associated with a name ed
700 ## - ADDED ENTRY--PERSONAL NAME
Personal name Verma, S B
Titles and other words associated with a name ed
942 ## - ADDED ENTRY ELEMENTS (KOHA)
Source of classification or shelving scheme Dewey Decimal Classification
Koha item type English Books
Classification part 362.10425
Call number suffix RUR
Holdings
Withdrawn status Lost status Source of classification or shelving scheme Damaged status Not for loan Home library Current library Date acquired Cost, normal purchase price Total Checkouts Full call number Barcode Date last seen Copy number Cost, replacement price Price effective from Koha item type
    Dewey Decimal Classification   Not For Loan D.B.Act.Division D.B.Act.Division 23/02/2007 950.00   362.10425 RUR EN-67622 21/10/2008 1 950.00 21/10/2008 English Books

© Delhi Public Library
Hit Counter
free hit counter